[Event "Colombo Mercantile op 11th"]
[Site "Colombo"]
[Date "2023.04.29"]
[Round "3"]
[White "Pathum, G Saranga"]
[Black "Rathnayaka, Don Hasitha Dhanush"]
[Result "1-0"]
[WhiteElo "1623"]
[BlackElo "1381"]
[PlyCount "43"]
[EventDate "2023.04.28"]
[EventType "swiss"]
[EventRounds "7"]
[EventCountry "SRI"]
[SourceTitle "CBM 214 Extra"]
[Source "ChessBase"]
[SourceDate "2023.07.31"]
[SourceVersion "1"]
[SourceVersionDate "2023.07.31"]
[SourceQuality "1"]

1. e4 e5 2. Nf3 Nc6 3. Bb5 a6 4. Ba4 Nf6 5. d3 d6 6. c3 Be7 7. Nbd2 0-0 8. 0-0 b5 9. Bc2 Na5 10. d4 exd4 11. cxd4 c5 12. dxc5 dxc5 13. e5 Nd7 14. Qe1 Bb7 15. e6 Nb6 16. Ne4 Nac4 17. exf7+ Kh8 18. b3 Nd6 19. Nxc5 Rxf7 20. Nxb7 Nxb7 21. Qe4 Qg8 22. Ne5 1-0